00496nam a2200157 i 4500001000300000100002200003245006700025260002100092040000800113041000800121942000700129008004100136999001500177856009700192952004900289bg1 aTYCHOWSKI, Feliks 0aWybrane zagadnienia obróbki plastycznej /cFeliks Tychowski. aPoznań,c1978. cBPK apol cKS s pl f |000 0 pol  c9875d9875 uhttp://koha.tu.koszalin.pl/cgi-bin/koha/opac-detail.pl?biblionumber=9875yKatalog online BPK 00104070aBPKbBPKcwo25294p01210965yKS